00990nac a22002531u 4500010001600000020001700016035002000033082002000053090001500073100003400088245015400122260003800276300004100314500002600355504005400381511002400435650003700459650004000496700001800536700002100554942002200575999001500597952012400612 a 94214221 a2080135449 : a(OCoLC)2923080600a303.490905bCAN c8520d8520 aCanto, Christophe. 14aThe history of the future : images of the 21st century /bimages of the 21st century /cChristophe Canto, Odile Faliu ; translated by Francis Cowper. aParis :bFlammarion,1993.cc1993. a159 p. :bill. (some col.) ;c32 cm. aDistributer: Al-Ahram aIncludes bibliographical references (p. 156-157). aCatalogued by: Sara 0aTwenty-first centuryxForecasts. 0aFuture in popular culturexHistory.1 aFaliu, Odile.1 aCowper, Francis. cBBk303.490905CAN c8520d8520 00104070aMAINbMAINc1STd2011-03-08ePurchasel2m14o303.490905CANp000010358r2025-07-15 00:00:00s2018-02-19yBB